Opening Strategies Workbook

Salvato in:
Dettagli Bibliografici
Autore principale: Abbs, Brian
Altri autori: Freebairn, Ingrid
Natura: Libro
Lingua:inglese
Pubblicazione: Harlow Longman 1984
Edizione:1. ed.
Soggetti:
Tags: Aggiungi Tag
Nessun Tag, puoi essere il primo ad aggiungerne!!

MARC

LEADER 00000nam a2200000 4500
001 c000467
005 20221221074712.2
020 |a 0-582-51689-7 
041 0 |a eng 
044 |a GB 
245 1 0 |a Opening Strategies  |b Workbook  |c Brian Abbs, Ingrid Freebairn 
250 |a 1. ed. 
264 1 |a Harlow  |b Longman  |c 1984 
300 |a 77 s. 
610 2 0 |a jazykoveda 
610 2 0 |a kurzy 
610 2 0 |a Veľká Británia 
610 2 0 |a Amerika 
100 1 |a Abbs, Brian 
700 1 |a Freebairn, Ingrid